000 01391nam a22003611i 4500
001 bslw10117909
005 20240305165703.0
006 m o d
007 cr un ---uuuua
008 240112s2023 sp ob 000 0 spa d
020 _a9788411701945
020 _a9788411703185
_q(electrónico)
035 _a41951
040 _aUtOrBLW
_beng
_erda
_cUtOrBLW
043 _ae-sp---
050 4 _aKKT120
_b.H57 2023
082 0 4 _a349.46
_223
111 2 _aSociedad Española de Historia del Derecho
_n(1st :
_dOct. 28-29, 2021 :
_cMadrid, Spain),
_jauthor.
245 1 3 _aLa historia del derecho en la Universidad del siglo XXI :
_bI congreso de la Sociedad Española de Historia del Derecho.
264 1 _aMadrid :
_bEditorial Dykinson,
_c2023.
300 _a1 online resource (294 pages)
336 _atext
_btxt
_2rdacontent
337 _acomputer
_bc
_2rdamedia
338 _aonline resource
_bcr
_2rdacarrier
490 1 _aHistoria del derecho,
_x2255-5137 ;
_v118
504 _aIncludes bibliographical references.
500 _aProceedings of a conference held in Madrid, Spain, Oct. 28-29, 2021.
650 0 _aLaw
_zSpain
_xHistory
_y21st century
_vCongresses.
650 0 _aLaw
_xStudy and teaching
_zSpain
_xHistory
_y21st century
_vCongresses.
830 0 _aHistoria del derecho ;
_v118
_x2255-5137.
856 4 0 _uhttps://app.vlex.com/#/sources/41951
942 _cRAA
999 _c173566
_d173566